Statystyki dla Czy znasz suchary?

Kliknij tutaj aby rozwiązać quiz!

Ogólne statystyki

  • Ten quiz został rozwiązany 17 razy
  • Średni wynik to 7 z 10

Statystyki odpowiedzi

ZagadkaOdpowiedź% Poprawnych
Foka bez oka?F
100%
Mucha bez ucha?M
100%
Pszczoła bez czoła?Psz
100%
Jak nazywa się ósma żona kucharz?Usmażona
80%
Jak nazywa się Arek mówiący suchary?Sucharek
70%
Jak nazya się żona popa?Popażona
60%
Jak nazwywa się kot który leci?Kotlecik
50%
Po co dres idzie do lasu?Poziomki
50%
Jak nazywa się kot złomiarza?Puszek
30%
Jak nazywa się ubikacja jednookiego potwora?Cyklop
20%

Rozkład punktacji

Percentyl według liczby udzielonych odpowiedzi

Procent ludzi z każdym wynikiem

Twoja historia wyników

Nie rozwiązałeś tego quizu